Najludniejsze wsie w Polsce - Statystyki

Ogólne statystyki
  • Ten quiz został rozwiązany 48 razy
  • Średni wynik to 3 z 20
Statystyki odpowiedzi
Populacja Województwo Miejscowość % Poprawnych
13 098 śląskie Kozy
83%
14 806 mazowieckie Józefosław
43%
10 981 mazowieckie Jabłonna
30%
11 598 wielkopolskie Koziegłowy
26%
8 318 śląskie Świerklany
17%
9 806 pomorskie Banino
13%
9 098 śląskie Pawłowice
13%
10 996 wielkopolskie Komorniki
9%
8 014 pomorskie Luzino
9%
9 766 zachodniopomorskie Mierzyn
9%
14 160 wielkopolski Plewiska
9%
8 184 pomorskie Sierakowice
9%
10 816 pomorskie Straszyn
9%
8 145 wielkopolskie Suchy Las
9%
8 240 małopolskie Zielonki
9%
9 780 pomorskie Bolszewo
4%
10 569 dolnośląskie Kiełczów
4%
9369 wielkopolskie Rokietnica
4%
9 559 wielkopolskie Skórzewo
4%
8 344 wielkopolskie Zalasewo
0%
Nie znaleziono quizów pasujących do podanych kryteriów
Rozkład punktacji
Procent ludzi z każdym wynikiem
Percentyl według liczby udzielonych odpowiedzi
Twoja historia wyników
Nie rozwiązałeś tego quizu